| 000 | 00538nam a2200217Ia 4500 | ||
|---|---|---|---|
| 003 | OSt | ||
| 005 | 20220928144911.0 | ||
| 006 | a|||||r|||| 00| 0 | ||
| 007 | ta | ||
| 008 | 220927b |||||||| |||| 00| 0 eng d | ||
| 024 | _a76805 | ||
| 037 | _cTextual | ||
| 040 |
_aSDCL _cSDCL _beng |
||
| 041 |
_2eng _aeng |
||
| 082 | _aX:5381, N8 | ||
| 100 |
_aDebroy Bibek Ed. _9371295 |
||
| 245 | 0 | _aChallenges of globalization. | |
| 260 | _c1998 | ||
| 942 |
_hX:5381, N8 _cTEXL _2CC |
||
| 999 |
_c830323 _d830323 |
||